<?xml version="1.0" encoding="UTF-8"?>
<record
    xmlns:xsi="http://www.w3.org/2001/XMLSchema-instance"
    xsi:schemaLocation="http://www.loc.gov/MARC21/slim http://www.loc.gov/standards/marcxml/schema/MARC21slim.xsd"
    xmlns="http://www.loc.gov/MARC21/slim">

  <leader>00409nam a2200169   4500</leader>
  <controlfield tag="003">OSt</controlfield>
  <controlfield tag="008">240508b        |||||||| |||| 00| 0 eng d</controlfield>
  <datafield tag="020" ind1=" " ind2=" ">
    <subfield code="a">9789391566111</subfield>
  </datafield>
  <datafield tag="100" ind1=" " ind2=" ">
    <subfield code="a">BRIGHAM, Eugene F</subfield>
  </datafield>
  <datafield tag="245" ind1=" " ind2=" ">
    <subfield code="a">Financial Management: Theory and Practice</subfield>
  </datafield>
  <datafield tag="250" ind1=" " ind2=" ">
    <subfield code="a">15th</subfield>
  </datafield>
  <datafield tag="260" ind1=" " ind2=" ">
    <subfield code="a">New Delhi</subfield>
    <subfield code="b">Cengage</subfield>
    <subfield code="c">2023</subfield>
  </datafield>
  <datafield tag="300" ind1=" " ind2=" ">
    <subfield code="a">1180</subfield>
  </datafield>
  <datafield tag="650" ind1=" " ind2=" ">
    <subfield code="a">BBA</subfield>
  </datafield>
  <datafield tag="700" ind1=" " ind2=" ">
    <subfield code="a">EHRHARDT, Micheal C</subfield>
  </datafield>
  <datafield tag="942" ind1=" " ind2=" ">
    <subfield code="2">ddc</subfield>
    <subfield code="c">BK</subfield>
  </datafield>
  <datafield tag="999" ind1=" " ind2=" ">
    <subfield code="c">12672</subfield>
    <subfield code="d">12672</subfield>
  </datafield>
  <datafield tag="952" ind1=" " ind2=" ">
    <subfield code="0">0</subfield>
    <subfield code="1">0</subfield>
    <subfield code="2">ddc</subfield>
    <subfield code="4">0</subfield>
    <subfield code="7">0</subfield>
    <subfield code="8">BBA</subfield>
    <subfield code="a">PIET</subfield>
    <subfield code="b">PIET</subfield>
    <subfield code="d">2024-03-23</subfield>
    <subfield code="e">Zaffa Books and Distributors</subfield>
    <subfield code="f">In Rupees</subfield>
    <subfield code="g">1099.00</subfield>
    <subfield code="k">ZBD0471</subfield>
    <subfield code="l">0</subfield>
    <subfield code="o">658.15 BRF</subfield>
    <subfield code="p">35952</subfield>
    <subfield code="r">2024-05-08 00:00:00</subfield>
    <subfield code="v">791.28</subfield>
    <subfield code="w">2024-03-23</subfield>
    <subfield code="y">REF</subfield>
  </datafield>
  <datafield tag="952" ind1=" " ind2=" ">
    <subfield code="0">0</subfield>
    <subfield code="1">0</subfield>
    <subfield code="2">ddc</subfield>
    <subfield code="4">0</subfield>
    <subfield code="7">0</subfield>
    <subfield code="8">BBA</subfield>
    <subfield code="a">PIET</subfield>
    <subfield code="b">PIET</subfield>
    <subfield code="d">2024-03-23</subfield>
    <subfield code="e">Zaffa Books and Distributors</subfield>
    <subfield code="f">In Rupees</subfield>
    <subfield code="g">1099.00</subfield>
    <subfield code="k">ZBD0471</subfield>
    <subfield code="l">0</subfield>
    <subfield code="o">658.15 BRF</subfield>
    <subfield code="p">35953</subfield>
    <subfield code="r">2024-05-08 00:00:00</subfield>
    <subfield code="v">791.28</subfield>
    <subfield code="w">2024-03-23</subfield>
    <subfield code="y">BK</subfield>
  </datafield>
</record>
